000 00320 a2200145 4500
001 152761
040 _cEscola São Tomás de Aquino
100 _aRIOS, Maria das Graças
240 1 0 _aChuva choveu
_lpor
245 1 0 _aChuva choveu
362 0 _a2013
440 1 _aRHJ
697 _a*LITERATURA INFANTO
942 _cBK
999 _c152761
_d152761